Defunct American Hockey League Teams - Statistics

General Stats
  • This quiz has been taken 37 times
    22 since last reset
  • The average score is 65 of 200
Answer Stats
Seasons City Nickname % Correct
0 Barons 0
65%
1936-37 | 1937-73; 2001-06 Cleveland 0
65%
1993-16 Portland 0
65%
1959-71 | 1999-02 Quebec 0
59%
1993-03 Saint John 0
59%
1936-41; 1945-51; 1953-67; 1974-94 | 1967-74 | 1994-16 Springfield 0
59%
1991-05 | 2011-17 St. John's 0
59%
1993-10 | 2010-17 Albany 0
53%
1962-76 | 1982-93 | 1995-97 Baltimore 0
53%
1980-90 | 1990-97 | 2002-17 | 2017-21 Binghamton 0
53%
1949-52 | 1971-74 | 1997-05 Cincinnati 0
53%
1936-76 Providence 0
53%
0 Senators 0
53%
1944-53 St. Louis 0
53%
2003-04 Toronto 0
53%
0 Devils 0
47%
0 Falcons 0
47%
2007-16 Lake Erie 0
47%
1969-71 Montreal 0
47%
0 Oilers 0
47%
1936-41 | 1941-42; 1946-49 | 1977-79 | 1996-09 Philadelphia 0
47%
0 Stars 0
47%
1994-05 | 2006-15 Worcester 0
47%
0 Aces 0
41%
0 Blades 0
41%
2004-05 Edmonton 0
41%
1981-82 Erie 0
41%
0 Flames 0
41%
2001-13 Houston 0
41%
0 Indians 0
41%
0 Kings 0
41%
1998-06 | 2006-10 Lowell 0
41%
1977-92 Maine 0
41%
0 Maple Leafs 0
41%
2000-15 Norfolk 0
41%
2010-15 Oklahoma City 0
41%
0 Pirates 0
41%
0 Roadrunners 0
41%
0 Sharks 0
41%
1987-93 Utica 0
41%
1941-43; 1947-49 Washington 0
41%
0 Admirals 0
35%
1936-37; 1940-70 Buffalo 0
35%
0 Bulldogs 0
35%
1988-93 Halifax 0
35%
1992-94 | 1996-15 Hamilton 0
35%
2005-08 | 2008-09 Iowa 0
35%
1999-01 Louisville 0
35%
1936-43; 1945-46; 1950-51 | 1946-50 | 1972-92 | +2 others New Haven 0
35%
2005-13 Peoria 0
35%
1936-56; 1961-67 Pittsburgh 0
35%
0 Rangers 0
35%
0 River Rats 0
35%
1936-40 | 1951-54 | 1979-80 Syracuse 0
35%
0 Whale 0
35%
2009-14 Abbotsford 0
29%
1979-99 | 2009-14 | 2014-15 Adirondack 0
29%
1971-74 Boston 0
29%
0 Canucks 0
29%
1988-96 Cape Breton 0
29%
0 Eagles 0
29%
0 Flyers 0
29%
0 Hawks 0
29%
0 Heat 0
29%
0 IceCaps 0
29%
1939-52 Indianapolis 0
29%
0 Jets 0
29%
1996-01 Kentucky 0
29%
0 Mighty Ducks 0
29%
0 Monsters 0
29%
1971-84 | 1984-88 Nova Scotia 0
29%
2005-07 Omaha 0
29%
0 Phantoms 0
29%
1976-77 Rhode Island 0
29%
2002-20 San Antonio 0
29%
0 Aeros 0
24%
0 Beast 0
24%
0 Canadiens 0
24%
1990-93 Capital District 0
24%
0 Capitals 0
24%
0 Clippers 0
24%
1993-96 Cornwall 0
24%
1981-88 | 1990-99 Fredericton 0
24%
0 IceCats 0
24%
0 Islanders 0
24%
0 Lock Monsters 0
24%
0 Mariners 0
24%
0 Nighthawks 0
24%
1993-96 Prince Edward Island 0
24%
2007-09 Quad City 0
24%
0 Reds 0
24%
0 Red Wings 0
24%
1971-76 Richmond 0
24%
0 Rivermen 0
24%
0 Skipjacks 0
24%
0 Thoroughblades 0
24%
2001-05 Utah 0
24%
0 Whalers 0
24%
0 Ak-Sar-Ben Knights 0
18%
0 Bandits 0
18%
2001-21 Bridgeport 0
18%
1995-97 Carolina 0
18%
0 Grizzlies 0
18%
1977-78 Hampton 0
18%
1972-74 Jacksonville 0
18%
2001-15 Manchester 0
18%
0 Monarchs 0
18%
1982-84 | 1984-87 | 1987-94 Moncton 0
18%
1986-91 Newmarket 0
18%
0 Panthers 0
18%
0 Ramblers 0
18%
0 Rampage 0
18%
0 Rockets 0
18%
1982-84 | 1984-90 Sherbrooke 0
18%
1982-86 St. Catherines 0
18%
2015-22 Stockton 0
18%
1972-75 Virginia 0
18%
0 Voyageurs 0
18%
0 Bisons 0
12%
0 Braves 0
12%
0 Chops 0
12%
0 Citadels 0
12%
2010-13 Connecticut 0
12%
0 Dusters 0
12%
0 Firebirds 0
12%
0 Gulls 0
12%
0 Hornets 0
12%
0 Lions 0
12%
1978-82 New Brunswick 0
12%
0 Robins 0
12%
0 Saints 0
12%
0 Sound Tigers 0
12%
0 Alpines 0
6%
1977-80 Broome 0
6%
0 Citadelles 0
6%
0 Express 0
6%
0 Golden Flames 0
6%
0 Swords 0
6%
0 Wings 0
6%
0 Mohawks 0
0%
1971-72 Tidewater 0
0%
0 Warriors 0
0%
No matching quizzes found
Score Distribution
Percent of People with Each Score
Percentile by Number Answered
Your Score History
You have not taken this quiz since the last reset